Hội Phết làng Hiền Quan, huyện Tam Nông, tỉnh Phú Thọ
Giới thiệu không gian văn hóa của hội phết Hiền Quan. Tìm hiểu lễ hội cướp cầu, đánh phết ở các địa phương. Nhận xét về nguồn gốc và giá trị lịch sử của hội Phết Hiền Quan
Đã lưu trong:
| Tác giả chính: | |
|---|---|
| Định dạng: | Sách |
| Ngôn ngữ: | Undetermined |
| Được phát hành: |
Hà Nội
Mỹ thuật
2016
|
| Những chủ đề: | |
| Các nhãn: |
Thêm thẻ
Không có thẻ, Là người đầu tiên thẻ bản ghi này!
|
| Thư viện lưu trữ: | Trung tâm Học liệu Trường Đại học Cần Thơ |
|---|
| LEADER | 00910nam a2200193Ia 4500 | ||
|---|---|---|---|
| 001 | CTU_216910 | ||
| 008 | 210402s9999 xx 000 0 und d | ||
| 082 | |a 394.26959721 | ||
| 082 | |b Th401 | ||
| 100 | |a Nguyễn, Mai Thoa | ||
| 245 | 0 | |a Hội Phết làng Hiền Quan, huyện Tam Nông, tỉnh Phú Thọ | |
| 245 | 0 | |c Nguyễn Mai Thoa | |
| 260 | |a Hà Nội | ||
| 260 | |b Mỹ thuật | ||
| 260 | |c 2016 | ||
| 520 | |a Giới thiệu không gian văn hóa của hội phết Hiền Quan. Tìm hiểu lễ hội cướp cầu, đánh phết ở các địa phương. Nhận xét về nguồn gốc và giá trị lịch sử của hội Phết Hiền Quan | ||
| 650 | |a Lễ hội dân gian,Folk festivals | ||
| 904 | |i Nguyễn Trương Thủy Tiên (Nguyên) | ||
| 980 | |a Trung tâm Học liệu Trường Đại học Cần Thơ | ||